000 00952nam a2200289 4500
001 2742
003 BD-RjUL
005 20211208233617.0
008 160724s1970 ii bs 001 0 eng
020 _a0210336803
035 _a(BD-RjUL)2769
040 _aDLC
_cDLC
_dDLC
_beng
041 _aeng
082 0 0 _a331.0954
_223
_bMYI 1970
100 1 _aMyers, Charles Andrew,
_d1913-
_98795
245 1 0 _aIndustrial relations in India /
_cCharles A. Myers and Subbiah Kannappan.
250 _a2nd rev. and enl. ed.
260 _aNew York :
_bAsia Pub. House,
_c1970
300 _axvii, 426 p. ;
_c23 cm.
500 _aFirst ed. published in 1958 under title: Labor problems in the industrialization of India.
504 _aIncludes bibliographical references and index
526 _bEconomics
650 0 _aIndustrial relations
_zIndia.
_98796
700 1 _aKannappan, Subbiah,
_ejoint author.
_98797
942 _2ddc
_cBK
999 _c2742
_d2742